Представление документа в формате MARC21

Поле Инд. ПП Название Значение
Тип записи a
Библиографический уровень a
001 Контрольный номер ed7dd88944764cc2b344287ec84d794e
005 Дата корректировки 20150513112230.2
020 a ISBN 978-5-90-428030-7
040 a Служба первич. каталог. НБ ТвГУ
b Код языка каталог. rus
e Правила каталог. PSBO
041 0_ a Код языка текста rus
097 b Оператор novikova
100 1_ a Автор Шульгина Ольга Владимировна
q Полное имя Шульгина О. В.
245 10 a Заглавие Историко-географические аспекты в научном творчестве С. А. Ковалева
260 a Место издания Москва
b Издательство Кодекс
440 _0 a Серия Научные сборники Московского филиала Географического общества
504 a Библиография Библиогр.: с. 70
520 0_ a Аннотация В научном творчестве Сергея Александровича историко-географическим аспектам отводилось существенное место. В научном творчестве С. А. Ковалева можно встретить как теоретические идеи, так и примеры блестящего использования историко-географического подхода.
653 0_ a Ключевые слова Ковалев Сергей Александрович
a Ключевые слова Научное творчество С. А. Ковалева
a Ключевые слова Историко-географические аспекты
a Ключевые слова Теоретические идеи
a Ключевые слова Сельское расселение
a Ключевые слова Социальная география
773 18 w Контрольный № источника RU/IS/BASE/463589685
t Название источника География населения и социальная география
d Место и дата издания Москва : Кодекс, 2013
g Прочая информация Сб. 135. - С. 66-71
901 t Тип документа a
920 a Оператор Нови